[Event "Leiden op-A 13th"]
[Site "Leiden"]
[Date "2019.07.15"]
[Round "4"]
[White "Kollen, Zyon"]
[Black "Cchung, Nyuk Lyn"]
[Result "1-0"]
[WhiteElo "2362"]
[BlackElo "1787"]
[PlyCount "63"]
[EventDate "2019.07.12"]
[EventType "swiss"]
[EventRounds "9"]
[EventCountry "NED"]
[SourceTitle "EXT 2020"]
[Source "ChessBase"]
[SourceDate "2019.10.17"]
[SourceVersion "1"]
[SourceVersionDate "2019.10.17"]
[SourceQuality "1"]

1. e4 c5 2. Nf3 d6 3. d4 cxd4 4. Nxd4 Nf6 5. Nc3 a6 6. Be3 e5 7. Nb3 Be7 8. f3 Be6 9. Qd2 Nbd7 10. g4 b5 11. 0-0-0 0-0 12. g5 Nh5 13. Kb1 Qc7 14. Nd5 Bxd5 15. exd5 f5 16. Rg1 g6 17. Na5 Bd8 18. Nc6 Nb8 19. c4 Nxc6 20. dxc6 Qxc6 21. cxb5 axb5 22. Rc1 Qa6 23. Qd5+ Kh8 24. Bxb5 Qa5 25. a4 f4 26. Qxd6 Rf5 27. b4 Qc7 28. Rxc7 Bxc7 29. Qxc7 fxe3 30. Bd3 Rff8 31. Qxe5+ Ng7 32. Bb5 1-0

[Event "Leiden op-A 13th"]
[Site "Leiden"]
[Date "2019.07.14"]
[Round "3"]
[White "Cchung, Nyuk Lyn"]
[Black "Van der Werf, Mark"]
[Result "0-1"]
[WhiteElo "1787"]
[BlackElo "2394"]
[PlyCount "112"]
[EventDate "2019.07.12"]
[EventType "swiss"]
[EventRounds "9"]
[EventCountry "NED"]
[SourceTitle "EXT 2020"]
[Source "ChessBase"]
[SourceDate "2019.10.17"]
[SourceVersion "1"]
[SourceVersionDate "2019.10.17"]
[SourceQuality "1"]

1. e4 d6 2. d4 Nf6 3. Nc3 g6 4. f4 Bg7 5. Nf3 0-0 6. Bd3 Nc6 7. e5 dxe5 8. fxe5 Nh5 9. Be3 Bg4 10. Be2 f6 11. exf6 exf6 12. Qd2 Ne7 13. 0-0-0 Nf5 14. Bd3 Bxf3 15. gxf3 Nxe3 16. Qxe3 Re8 17. Qf2 f5 18. Kb1 Kh8 19. Ne2 c6 20. c3 b5 21. Bc2 b4 22. cxb4 Rb8 23. a3 a5 24. bxa5 Qxa5 25. Rd3 c5 26. Rhd1 Rb7 27. Ka2 Reb8 28. Rb3 Rxb3 29. Bxb3 Qb5 30. Qe3 c4 31. Nc1 cxb3+ 32. Qxb3 Qe8 33. Qc4 Qe3 34. Qc7 Qf4 35. Qxf4 Nxf4 36. Nb3 Nd5 37. Na5 Rc8 38. Rd2 Bh6 39. Re2 Be3 40. Nb7 Kg7 41. Nd6 Rc6 42. Nb5 g5 43. Kb3 g4 44. fxg4 f4 45. Nc3 f3 46. Re1 f2 47. Rf1 Nxc3 48. bxc3 Kg6 49. h4 h5 50. gxh5+ Kxh5 51. Kc2 Bxd4 52. Kd3 Bc5 53. Ke2 Re6+ 54. Kf3 Re1 55. Rxf2 Bxf2 56. Kxf2 Rc1 0-1

[Event "Leiden op-A 13th"]
[Site "Leiden"]
[Date "2019.07.13"]
[Round "2"]
[White "Wiersma, Eelke"]
[Black "Cchung, Nyuk Lyn"]
[Result "0-1"]
[WhiteElo "2344"]
[BlackElo "1787"]
[PlyCount "64"]
[EventDate "2019.07.12"]
[EventType "swiss"]
[EventRounds "9"]
[EventCountry "NED"]
[SourceTitle "EXT 2020"]
[Source "ChessBase"]
[SourceDate "2019.10.17"]
[SourceVersion "1"]
[SourceVersionDate "2019.10.17"]
[SourceQuality "1"]

1. e4 c5 2. Nf3 d6 3. Bb5+ Bd7 4. Bxd7+ Nxd7 5. 0-0 e6 6. c4 Ngf6 7. Nc3 Be7 8. d4 cxd4 9. Nxd4 a6 10. b3 0-0 11. Bb2 Qb6 12. Qd2 Rac8 13. Kh1 Rfd8 14. Rae1 Nc5 15. f4 Nfd7 16. e5 dxe5 17. fxe5 h6 18. Qf2 Rf8 19. Qg3 Rcd8 20. Rf3 Nb8 21. Qg4 Nc6 22. Nxc6 bxc6 23. Bc1 Kh7 24. Ref1 Qc7 25. Bxh6 Qxe5 26. Bxg7 Qxg7 27. Rh3+ Kg8 28. Rg3 Qxg4 29. Rxg4+ Kh7 30. b4 Rd3 31. Ne2 Nd7 32. Nf4 Re3 0-1

[Event "Leiden op-B 12th"]
[Site "Leiden"]
[Date "2018.07.17"]
[Round "5"]
[White "Cchung, Nyuk Lyn"]
[Black "Vreeburg, Jan"]
[Result "1/2-1/2"]
[WhiteElo "1779"]
[BlackElo "1924"]
[PlyCount "76"]
[EventDate "2018.07.13"]
[EventType "swiss"]
[EventRounds "9"]
[EventCountry "NED"]
[SourceTitle "EXT 2019"]
[Source "ChessBase"]
[SourceDate "2018.10.10"]
[SourceVersion "1"]
[SourceVersionDate "2018.10.10"]
[SourceQuality "1"]

1. e4 d6 2. d4 Nf6 3. Nc3 g6 4. f4 Bg7 5. Nf3 0-0 6. Bd3 c5 7. dxc5 dxc5 8. 0-0 Nc6 9. Be3 b6 10. h3 Nb4 11. Qe2 Nxd3 12. cxd3 Ba6 13. Rfd1 e6 14. Rac1 Rc8 15. Qd2 Bb7 16. a3 Qe7 17. Bf2 Nd7 18. Qe2 Nb8 19. e5 Bd5 20. d4 Bxf3 21. Qxf3 cxd4 22. Bxd4 Nc6 23. Nb5 Nxd4 24. Nxd4 Rxc1 25. Rxc1 Qd7 26. Qc3 Re8 27. b4 Bf8 28. Nf3 Rd8 29. Ng5 Qd5 30. Kh1 Bh6 31. h4 Bxg5 32. hxg5 Kg7 33. Kh2 Qd4 34. Qf3 h6 35. gxh6+ Kxh6 36. Kg3 Qd2 37. Rc3 Rd4 38. Qe3 Qxe3+ 1/2-1/2

[Event "Leiden op-B 12th"]
[Site "Leiden"]
[Date "2018.07.14"]
[Round "2"]
[White "Nguyen, Lucas"]
[Black "Cchung, Nyuk Lyn"]
[Result "1/2-1/2"]
[WhiteElo "1869"]
[BlackElo "1779"]
[PlyCount "138"]
[EventDate "2018.07.13"]
[EventType "swiss"]
[EventRounds "9"]
[EventCountry "NED"]
[SourceTitle "EXT 2019"]
[Source "ChessBase"]
[SourceDate "2018.10.10"]
[SourceVersion "1"]
[SourceVersionDate "2018.10.10"]
[SourceQuality "1"]

1. e4 c5 2. Nf3 d6 3. d4 cxd4 4. Nxd4 Nf6 5. Nc3 a6 6. f3 e5 7. Nb3 Be6 8. Be3 Be7 9. Qd2 Nbd7 10. g4 b5 11. g5 b4 12. gxf6 bxc3 13. Qxc3 Nxf6 14. Rg1 0-0 15. 0-0-0 Kh8 16. Kb1 a5 17. a4 Rc8 18. Qd2 d5 19. Qg2 Rg8 20. Ba6 Ra8 21. Bb7 Rb8 22. Bxd5 Nxd5 23. exd5 Bf5 24. Na1 Qd7 25. d6 Bf6 26. Bg5 Bxg5 27. Qxg5 h6 28. Qe3 f6 29. f4 Rge8 30. fxe5 Rxe5 31. Qc3 Rc8 32. Qb3 Re2 33. Rge1 Rxe1 34. Rxe1 Qxd6 35. Qb5 Bd7 36. Qxa5 Qxh2 37. Rd1 Qc7 38. Qa6 Bf5 39. Qe2 Qc6 40. Rd4 Qc5 41. Qd2 Qc7 42. a5 Kh7 43. b4 Qc6 44. Kb2 Qa4 45. Rf4 Bg6 46. Rf3 Rb8 47. Rb3 Bf7 48. c4 Rc8 49. Ra3 Qe8 50. c5 Qb5 51. Qd3+ Qxd3 52. Rxd3 h5 53. Nc2 g5 54. a6 Rc7 55. Nd4 h4 56. Nb5 Bc4 57. Nxc7 Bxd3 58. a7 Be4 59. a8Q Bxa8 60. Nxa8 h3 61. c6 h2 62. c7 h1Q 63. c8Q Qd5 64. Qc7+ Kg6 65. Nb6 Qd4+ 66. Kb3 g4 67. Qc2+ f5 68. Nc4 g3 69. Qg2 Qd3+ 1/2-1/2

[Event "NED-ch U14"]
[Site "Assen"]
[Date "2018.05.01"]
[Round "4"]
[White "Klaren, Duncan"]
[Black "Cchung, Nyuk Lyn"]
[Result "1-0"]
[WhiteElo "1713"]
[BlackElo "1796"]
[PlyCount "89"]
[EventDate "2018.04.29"]
[EventType "swiss"]
[EventRounds "9"]
[EventCountry "NED"]
[SourceTitle "CBM 184 Extra"]
[Source "ChessBase"]
[SourceDate "2018.06.28"]
[SourceVersion "1"]
[SourceVersionDate "2018.06.28"]
[SourceQuality "1"]

1. e4 c5 2. Nf3 d6 3. d4 cxd4 4. Nxd4 a6 5. c4 Nf6 6. f3 e5 7. Nc2 Be7 8. Nc3 Be6 9. Be2 Qc7 10. b3 b5 11. Nd5 Bxd5 12. cxd5 0-0 13. Be3 Rc8 14. Rc1 Qa5+ 15. Bd2 Qb6 16. Be3 Qa5+ 17. Bd2 Qb6 18. Be3 Qa5+ 19. Bd2 Qd8 20. 0-0 Nbd7 21. Be3 Qa5 22. Bd2 Qxa2 23. Nb4 Qa5 24. Kh1 Qb6 25. Nc6 Bf8 26. b4 Rc7 27. Qb3 Rac8 28. Be3 Qb7 29. Rc2 Nb8 30. Na5 Qa8 31. Rfc1 Rxc2 32. Rxc2 Nbd7 33. Rc6 Be7 34. Qc2 Re8 35. Rc7 h6 36. Nc6 Bd8 37. Ra7 Qc8 38. Qa2 Bb6 39. Bxb6 Nxb6 40. Rxa6 Nbxd5 41. exd5 Nxd5 42. Bxb5 Nxb4 43. Qc4 Nxc6 44. Rxc6 Qb7 45. Rc7 1-0

[Event "NED-ch U14"]
[Site "Assen"]
[Date "2018.04.30"]
[Round "2"]
[White "Cchung, Nyuk Lyn"]
[Black "Elgersma, Onno"]
[Result "1/2-1/2"]
[WhiteElo "1796"]
[BlackElo "2060"]
[PlyCount "138"]
[EventDate "2018.04.29"]
[EventType "swiss"]
[EventRounds "9"]
[EventCountry "NED"]
[SourceTitle "CBM 184 Extra"]
[Source "ChessBase"]
[SourceDate "2018.06.28"]
[SourceVersion "1"]
[SourceVersionDate "2018.06.28"]
[SourceQuality "1"]

1. e4 e6 2. d4 d5 3. Nc3 Nf6 4. e5 Nfd7 5. f4 c5 6. Nf3 Qb6 7. Na4 Qa5+ 8. Nc3 Nc6 9. Be3 Qb6 10. Na4 Qa5+ 11. c3 cxd4 12. b4 Qc7 13. Nxd4 a6 14. a3 Be7 15. Bd3 b5 16. Nb2 Nb6 17. 0-0 g6 18. Qf3 Bb7 19. Rac1 Rc8 20. Qh3 Nc4 21. Nxc4 bxc4 22. Bc2 Nxd4 23. Bxd4 Qc6 24. a4 a5 25. bxa5 Bc5 26. Qe3 Bxd4 27. Qxd4 Ke7 28. Rb1 Ba8 29. Rb5 Rc7 30. Rfb1 Rhc8 31. Kf2 Qa6 32. Bd1 Ke8 33. Qb6 Rc6 34. Qd4 R6c7 35. Qb6 Rc6 36. Qxa6 Rxa6 37. Bf3 Bc6 38. Rc5 Kd7 39. Bd1 Kc7 40. h4 Rca8 41. Rbb5 h5 42. Ke3 R8a7 43. Kd2 Ra8 44. Kc1 R8a7 45. Kb2 Ra8 46. Ka3 R8a7 47. Kb4 Ra8 48. Ka3 R8a7 49. Kb2 Ra8 50. Kc1 R8a7 51. Kd2 Ra8 52. Ke3 R8a7 53. Kf2 Ra8 54. g4 hxg4 55. Kg3 R8a7 56. Kxg4 Kd8 57. Rb6 Bd7 58. Rxa6 Rxa6 59. Kg5 Ke7 60. h5 gxh5 61. Kxh5 f6 62. Kg4 Bc6 63. Bc2 fxe5 64. fxe5 Kd7 65. Kf4 Ra8 66. Ke3 Ra6 67. Bd1 Kc7 68. Bg4 Kd7 69. Kd4 Ke7 1/2-1/2

[Event "NED-ch U14"]
[Site "Assen"]
[Date "2018.04.29"]
[Round "1"]
[White "Torensma, Christian"]
[Black "Cchung, Nyuk Lyn"]
[Result "0-1"]
[WhiteElo "1455"]
[BlackElo "1796"]
[PlyCount "97"]
[EventDate "2018.04.29"]
[EventType "swiss"]
[EventRounds "9"]
[EventCountry "NED"]
[SourceTitle "CBM 184 Extra"]
[Source "ChessBase"]
[SourceDate "2018.06.28"]
[SourceVersion "1"]
[SourceVersionDate "2018.06.28"]
[SourceQuality "1"]

1. e4 c5 2. Nf3 d6 3. d4 cxd4 4. Nxd4 Nf6 5. Nc3 a6 6. Be2 e5 7. Nb3 Be7 8. Be3 Be6 9. 0-0 Qc7 10. Qd2 0-0 11. f3 Nbd7 12. a4 Rac8 13. a5 Rfd8 14. Rfc1 Qc6 15. Rd1 Nc5 16. Nxc5 dxc5 17. Qe1 h6 18. Qg3 Kh8 19. Qf2 Nh5 20. g3 Nf6 21. Bf1 Kg8 22. Bg2 Rd7 23. Rxd7 Qxd7 24. Na4 Qc6 25. Nb6 Rd8 26. Bf1 Bf8 27. Qe2 Be7 28. Qf2 Nd7 29. Nxd7 Rxd7 30. Qe1 c4 31. Bb6 Bc5+ 32. Bxc5 Qxc5+ 33. Kh1 Qd4 34. c3 Qd2 35. Qxd2 Rxd2 36. Rb1 Kf8 37. Bg2 Ke7 38. Kg1 Kd7 39. f4 f6 40. f5 Bf7 41. Bf3 Kc6 42. h4 Kb5 43. Kf1 Kxa5 44. Bd1 b5 45. h5 Kb6 46. g4 a5 47. Ke1 Rh2 48. Be2 a4 49. Bd1 0-1